[Event "Benidorm op U2000 12th"]
[Site "Benidorm"]
[Date "2013.11.29"]
[Round "1"]
[White "Fernandez Senovilla, Jose Enrique"]
[Black "Orantes Taboada, Manuel"]
[Result "0-1"]
[WhiteElo "1715"]
[BlackElo "1951"]
[PlyCount "64"]
[EventDate "2013.11.29"]
[EventType "swiss"]
[EventRounds "10"]
[EventCountry "ESP"]
[SourceTitle "CBM 157 Extra"]
[Source "ChessBase"]
[SourceDate "2013.12.19"]
[SourceVersion "1"]
[SourceVersionDate "2013.12.19"]
[SourceQuality "1"]

1. d4 Nf6 2. c4 g6 3. Nc3 Bg7 4. e4 d6 5. Nge2 0-0 6. f3 e5 7. Be3 c6 8. Qd2 Nbd7 9. Ng3 a6 10. Be2 h5 11. Rc1 h4 12. Nf1 Nh5 13. dxe5 dxe5 14. Bg5 Bf6 15. Bxf6 Qxf6 16. Ne3 Nc5 17. Ng4 Bxg4 18. fxg4 Nf4 19. 0-0 Qg5 20. Qe3 Nce6 21. Bd1 Nh3+ 22. Qxh3 Qxc1 23. Qxh4 Qe3+ 24. Kh1 Qg5 25. Qf2 Rad8 26. h4 Qf4 27. Qg1 Qg3 28. Qf2 Qxf2 29. Rxf2 Rd4 30. Kg1 Rfd8 31. Bf3 Rxc4 32. Bd1 Rxc3 0-1

[Event "Benidorm op U2000 09th"]
[Site "Benidorm"]
[Date "2010.12.04"]
[Round "2"]
[White "Sacristan Latorre, Alberto"]
[Black "Fernandez Senovilla, Jose Enrique"]
[Result "1-0"]
[WhiteElo "1928"]
[BlackElo "1682"]
[PlyCount "33"]
[EventDate "2010.12.03"]
[EventType "swiss"]
[EventRounds "10"]
[EventCountry "ESP"]
[SourceTitle "CBM 139 Extra"]
[Source "ChessBase"]
[SourceDate "2011.01.05"]
[SourceVersion "1"]
[SourceVersionDate "2011.01.05"]
[SourceQuality "1"]

1. e4 e5 2. Nf3 Nc6 3. d4 exd4 4. Nxd4 Qh4 5. Nc3 Bc5 6. Be3 d6 7. g3 Qf6 8. Nd5 Qe5 9. Nxc6 bxc6 10. Nxc7+ Kd8 11. Nxa8 Bxe3 12. fxe3 Bb7 13. Qd4 Bxa8 14. Qxa7 Qxe4 15. Qxa8+ Ke7 16. Qa7+ Kd8 17. 0-0-0 1-0